Top postcodes for business start-ups (Record no. 117894)
[ view plain ]
| 000 -LEADER | |
|---|---|
| fixed length control field | 01307cam a2200205 4500 |
| 001 - CONTROL NUMBER | |
| control field | WB@3612-248 |
| 008 - FIXED-LENGTH DATA ELEMENTS--GENERAL INFORMATION | |
| fixed length control field | 040825n2004 000 0 eng u |
| 035 ## - SYSTEM CONTROL NUMBER | |
| System control number | (Sirsi) u127156 |
| 245 ## - TITLE STATEMENT | |
| Title | Top postcodes for business start-ups |
| 260 ## - PUBLICATION, DISTRIBUTION, ETC. | |
| Date of publication, distribution, etc. | 2004 |
| 490 ## - SERIES STATEMENT | |
| Series statement | Royal Mail Group News Release |
| Volume/sequential designation | 22 August 2004 (5) |
| 520 ## - SUMMARY, ETC. | |
| Summary, etc. | The "Royal Mail map of business start-ups" has been released. This plots key areas for new businesses across all of the UK's 121 postcodes and reveals that east London has more firms starting up in the area than anywhere else in the UK. Birmingham was third and Manchester held fifth place. The map also included a number of smaller towns, such as Crewe in 11th place, beating the larger traditional areas of commercial success such as Liverpool in 21st place. Internet access and new technology has made it less important for businesses to be located close to each other and has sparked a revival in a number of former factory towns that have become depressed in recent years due to traditional industries disappearing. http://www.royalmailgroup.com/news/expandarticle.a sp?id=1348&brand=royal_mail |
| 590 ## - LOCAL NOTE (RLIN) | |
| Local note | WB |
| 590 ## - LOCAL NOTE (RLIN) | |
| Local note | WB |
| 650 ## - SUBJECT ADDED ENTRY--TOPICAL TERM | |
| Topical term or geographic name entry element | RANKINGS |
| 650 ## - SUBJECT ADDED ENTRY--TOPICAL TERM | |
| Topical term or geographic name entry element | BUSINESS START-UPS |
| 650 ## - SUBJECT ADDED ENTRY--TOPICAL TERM | |
| Topical term or geographic name entry element | BUSINESS DEVELOPMENT |
| 690 ## - LOCAL SUBJECT ADDED ENTRY--TOPICAL TERM (OCLC, RLIN) | |
| Topical term or geographic name as entry element | ECONOMIC ISSUES |
| 942 ## - ADDED ENTRY ELEMENTS (KOHA) | |
| Suppress in OPAC | 0 |
| Withdrawn status | Lost status | Source of classification or shelving scheme | Damaged status | Not for loan | Home library | Current library | Shelving location | Date acquired | Total Checkouts | Full call number | Barcode | Date last seen | Copy number | Price effective from | Koha item type |
|---|---|---|---|---|---|---|---|---|---|---|---|---|---|---|---|
| Dewey Decimal Classification | London | London | News article | 25/08/2004 | WB4033-08 | 127156-1001 | 06/08/2019 | 1 | 06/08/2019 | News article |